[Event "North American op 33rd"]
[Site "Las Vegas"]
[Date "2023.12.28"]
[Round "5"]
[White "Yanayt, Eugene"]
[Black "Shih, Matthew"]
[Result "1-0"]
[WhiteElo "2156"]
[BlackElo "1966"]
[PlyCount "75"]
[EventDate "2023.12.26"]
[EventType "swiss"]
[EventRounds "9"]
[EventCountry "USA"]
[SourceTitle "CB01_2024"]
[SourceDate "2024.01.03"]
[SourceVersion "1"]
[SourceVersionDate "2024.01.03"]
[SourceQuality "1"]

1. d4 Nf6 2. c4 e6 3. Nf3 d5 4. g3 Bb4+ 5. Bd2 Be7 6. Bg2 0-0 7. Qc2 c6 8. h4 Nbd7 9. Nc3 c5 10. cxd5 exd5 11. Ng5 Nb6 12. Be3 c4 13. Bf4 g6 14. 0-0-0 Bf5 15. e4 dxe4 16. Ngxe4 Nfd5 17. Qe2 Re8 18. Bd2 Qd7 19. f3 Nxc3 20. Bxc3 Qa4 21. Kb1 Nd5 22. g4 Bxe4+ 23. fxe4 Nxc3+ 24. bxc3 Rab8 25. e5 Ba3 26. Ka1 b5 27. Bd5 Qa5 28. Qf3 Qc7 29. h5 Rb6 30. Rdf1 Rf8 31. hxg6 Rxg6 32. Be4 Rb8 33. Bxg6 fxg6 34. Qd5+ Kg7 35. Rxh7+ Kxh7 36. Rf7+ Qxf7 37. Qxf7+ Kh6 38. Qxa7 1-0

[Event "Ivy League Challenge 5th"]
[Site "Toronto"]
[Date "2023.03.25"]
[Round "3"]
[White "Shih, Matthew"]
[Black "Moses, Kole Henry"]
[Result "1-0"]
[WhiteElo "1976"]
[BlackElo "1829"]
[PlyCount "115"]
[EventDate "2023.03.24"]
[EventType "team-tourn"]
[EventRounds "5"]
[EventCountry "CAN"]
[SourceTitle "CBM 213 Extra"]
[Source "ChessBase"]
[SourceDate "2023.05.31"]
[SourceVersion "1"]
[SourceVersionDate "2023.05.31"]
[SourceQuality "1"]
[WhiteTeam "Toronto Univ II"]
[BlackTeam "Chicago Univ"]
[WhiteTeamCountry "CAN"]
[BlackTeamCountry "USA"]

1. c4 e5 2. Nc3 Nc6 3. g3 Nf6 4. Bg2 Bb4 5. Nd5 Nxd5 6. cxd5 Ne7 7. Nf3 Bd6 8. d4 e4 9. Ne5 Nxd5 10. Qb3 c6 11. Bxe4 0-0 12. Bxd5 Qa5+ 13. Bd2 Qxd5 14. Qxd5 cxd5 15. Nd3 b6 16. Bb4 Bxb4+ 17. Nxb4 Bb7 18. Kd2 Rac8 19. b3 a5 20. Nd3 f6 21. Rhc1 Rc6 22. Nb2 Rb8 23. Na4 Kf7 24. Nc3 Ke6 25. e4 Rcc8 26. exd5+ Kd6 27. Re1 Ba6 28. Re3 Re8 29. Rae1 Rxe3 30. fxe3 f5 31. g4 fxg4 32. e4 Rf8 33. e5+ Ke7 34. d6+ Kd8 35. d5 Rf2+ 36. Kd1 Rxh2 37. Ne4 Rh5 38. Ng3 Rh3 39. Re3 h5 40. e6 h4 41. e7+ Ke8 42. Nf5 Rxe3 43. Nxe3 Bd3 44. Nxg4 b5 45. Ke1 b4 46. Kf2 Bb1 47. Ne3 Be4 48. Kg1 Kf7 49. Kh2 Bg6 50. Kh3 Kf6 51. Kxh4 Ke5 52. Kg5 Bf7 53. Nf5 Kxd5 54. Nxg7 Kxd6 55. Kf6 Bg6 56. Nf5+ Bxf5 57. e8Q Be6 58. Qa8 1-0

[Event "Ivy League Challenge 5th"]
[Site "Toronto"]
[Date "2023.03.24"]
[Round "2"]
[White "Vettese, Nicholas"]
[Black "Shih, Matthew"]
[Result "1/2-1/2"]
[WhiteElo "2278"]
[BlackElo "1976"]
[PlyCount "98"]
[EventDate "2023.03.24"]
[EventType "team-tourn"]
[EventRounds "5"]
[EventCountry "CAN"]
[SourceTitle "CBM 213 Extra"]
[Source "ChessBase"]
[SourceDate "2023.05.31"]
[SourceVersion "1"]
[SourceVersionDate "2023.05.31"]
[SourceQuality "1"]
[WhiteTeam "Toronto Univ"]
[BlackTeam "Toronto Univ II"]
[WhiteTeamCountry "CAN"]
[BlackTeamCountry "CAN"]

1. e4 e5 2. Nf3 Nc6 3. d4 exd4 4. Nxd4 Nf6 5. Nxc6 bxc6 6. Qe2 Bc5 7. e5 Nd5 8. c4 Nb6 9. Qg4 g6 10. Bg5 Be7 11. Bh6 d5 12. Qg3 Nxc4 13. Bxc4 dxc4 14. Nc3 Qd3 15. Qxd3 cxd3 16. 0-0-0 Bf5 17. h3 0-0-0 18. g4 Be6 19. f4 Bb4 20. Kd2 Rd5 21. Bg5 h5 22. Bf6 Rg8 23. Rhg1 hxg4 24. hxg4 Rd4 25. Ke3 Bc5 26. Kf3 Rb4 27. Rg2 Bd4 28. Rxd3 Bxc3 29. bxc3 Ra4 30. Rb2 Rxa2 31. Rb1 Bd5+ 32. Ke3 Ra4 33. Rb4 Rxb4 34. cxb4 Kd7 35. Ra3 Rb8 36. f5 gxf5 37. gxf5 Rxb4 38. Rxa7 Re4+ 39. Kd3 Rf4 40. Ra8 c5 41. Ra5 Rf3+ 42. Ke2 Rxf5 43. Rxc5 c6 44. Ra5 Rf4 45. Ke3 Re4+ 46. Kd3 Kc7 47. Ra7+ Kb6 48. Rxf7 Bxf7 49. Kxe4 Be6 1/2-1/2

[Event "Toronto"]
[Site "Toronto"]
[Date "2022.10.24"]
[Round "6"]
[White "Shih, Matthew"]
[Black "Gavrilin, Roman"]
[Result "0-1"]
[WhiteElo "1985"]
[BlackElo "2113"]
[PlyCount "124"]
[EventDate "2022.09.12"]
[EventType "tourn"]
[EventRounds "9"]
[EventCountry "CAN"]
[SourceTitle "EXT 2024"]
[Source "ChessBase"]
[SourceDate "2023.10.10"]
[SourceVersion "1"]
[SourceVersionDate "2023.10.10"]
[SourceQuality "1"]

1. d4 Nf6 2. c4 e6 3. Nf3 b6 4. g3 Bb7 5. Bg2 Bb4+ 6. Bd2 Be7 7. Nc3 0-0 8. 0-0 c6 9. e4 d5 10. e5 Ne4 11. cxd5 cxd5 12. Rc1 Nxd2 13. Qxd2 Nc6 14. Rfe1 Rc8 15. Qd3 Na5 16. Ne2 Qd7 17. b3 h6 18. h4 Ba3 19. Rxc8 Rxc8 20. g4 Qc6 21. g5 Qc2 22. Qe3 Qe4 23. Ng3 Qxe3 24. Rxe3 hxg5 25. hxg5 g6 26. Bf1 Nc6 27. Bd3 Bb2 28. Ne2 Nb4 29. Bb1 Ba6 30. Kg2 Kf8 31. Ne1 Bc1 32. Nxc1 Rxc1 33. a3 Nc6 34. Bd3 Bxd3 35. Nxd3 Ra1 36. Nf4 Nxd4 37. a4 Rb1 38. Rc3 Rxb3 39. Rc8+ Kg7 40. Rc7 a5 41. Rb7 Rb4 42. Nd3 Rxa4 43. Rxb6 Ra3 44. Nc5 Nf3 45. Rb7 Nxg5 46. f4 Rc3 47. Rc7 Ne4 48. Nxe6+ Kg8 49. Rxc3 Nxc3 50. Nd4 a4 51. Kf3 a3 52. Ke3 a2 53. Nb3 Nb5 54. Kd2 Kf8 55. Kc1 Nd4 56. Na1 Ne2+ 57. Kb2 Nxf4 58. Kxa2 Nd3 59. Kb3 Nxe5 60. Kc3 Ke7 61. Nc2 Nc6 62. Kd3 Kd6 0-1

[Event "Toronto"]
[Site "Toronto"]
[Date "2022.09.26"]
[Round "3"]
[White "Shih, Matthew"]
[Black "Malakhovets, Sergey"]
[Result "1-0"]
[WhiteElo "1985"]
[BlackElo "1957"]
[PlyCount "121"]
[EventDate "2022.09.12"]
[EventType "tourn"]
[EventRounds "9"]
[EventCountry "CAN"]
[SourceTitle "EXT 2024"]
[Source "ChessBase"]
[SourceDate "2023.10.10"]
[SourceVersion "1"]
[SourceVersionDate "2023.10.10"]
[SourceQuality "1"]

1. d4 d5 2. c4 c6 3. Nf3 Nf6 4. e3 a6 5. Qb3 g6 6. Nc3 Bg7 7. Bd3 0-0 8. 0-0 dxc4 9. Bxc4 b5 10. Be2 Bb7 11. a4 Nbd7 12. Rd1 Qc7 13. e4 e5 14. d5 cxd5 15. exd5 Nc5 16. Qb4 e4 17. Ng5 bxa4 18. Be3 Nd3 19. Bxd3 exd3 20. Rxd3 Rab8 21. Bf4 Qd7 22. Bxb8 Rxb8 23. Nge4 Nxe4 24. Nxe4 Qb5 25. Qxb5 axb5 26. Nc5 Bxb2 27. Re1 a3 28. d6 Bc6 29. d7 Bxd7 30. Rxd7 b4 31. Nb3 Rc8 32. Rdd1 Rc3 33. Re3 Rc2 34. Kf1 h5 35. Re2 Rc3 36. Rxb2 axb2 37. Nd2 Rc1 38. Ke2 b3 39. Nb1 Kg7 40. Kd2 Rc2+ 41. Ke1 Rc1 42. Na3 Ra1 43. Nb1 Ra4 44. Rd2 Rc4 45. Rxb2 Rc1+ 46. Kd2 Rg1 47. g3 Rg2 48. Ke3 Rxh2 49. Nd2 Rh1 50. Rxb3 h4 51. g4 g5 52. Rb1 Rh3+ 53. Nf3 f6 54. Ke4 Kg6 55. Rd1 Kf7 56. Rf1 Ke7 57. Rb1 Kf7 58. Rb7+ Kf8 59. Nd4 Ra3 60. Kf5 Ra6 61. Ne6+ 1-0